000
00343 a2200157 4500
001
152154
040
_c
Escola São Tomás de Aquino
100
_a
BRAZ, Júlio Emílio
240
1
0
_a
Cenas urbanas
_l
por
245
1
0
_a
Cenas urbanas
300
_a
71
362
0
_a
2000
440
1
_a
Scipione
697
_a
*LITERATURA JUVENIL
942
_c
BK
999
_c
152154
_d
152154